[Event "Krasnodar Winter B"]
[Site "Krasnodar"]
[Date "2011.02.08"]
[Round "11"]
[White "Goncharov, Daniil"]
[Black "Likhopek, Vladimir"]
[Result "0-1"]
[WhiteElo "1501"]
[BlackElo "1778"]
[PlyCount "92"]
[EventDate "2011.02.02"]
[EventType "tourn"]
[EventRounds "13"]
[EventCountry "RUS"]
[SourceTitle "EXT 2022"]
[Source "ChessBase"]
[SourceDate "2021.10.06"]
[SourceVersion "1"]
[SourceVersionDate "2021.10.06"]
[SourceQuality "1"]

1. e4 c6 2. d4 d5 3. Nc3 dxe4 4. Nxe4 Bf5 5. Ng3 Bg6 6. h4 f6 7. Bc4 Bf7 8. Bxf7+ Kxf7 9. N1e2 e6 10. Nf4 Bd6 11. Qh5+ Ke7 12. Ng6+ Kd7 13. Nxh8 Qc7 14. Qf7+ Ne7 15. Qxg7 Na6 16. Ne4 Rd8 17. Nxf6+ Kc8 18. Nf7 Nf5 19. Qxh7 Rf8 20. Nxd6+ Qxd6 21. c3 Rxf6 22. Bf4 Qf8 23. Bg5 Rf7 24. Qg6 Nc7 25. h5 Rg7 26. Qf6 Qg8 27. h6 Rh7 28. g4 Nd5 29. Qe5 Qxg5 30. Qxe6+ Kc7 31. Qxf5 Qe7+ 32. Qe5+ Kd7 33. Qxe7+ Kxe7 34. 0-0-0 Kf6 35. Rdg1 Kg5 36. Rh5+ Kg6 37. Rgh1 Nf4 38. R5h2 Kg5 39. f3 Kg6 40. Kd2 b5 41. b3 a6 42. a4 Nd5 43. axb5 axb5 44. c4 Nf4 45. Ke3 Kg5 46. Ke4 Re7# 0-1

[Event "Krasnodar Winter B"]
[Site "Krasnodar"]
[Date "2011.02.07"]
[Round "9"]
[White "Goncharov, Daniil"]
[Black "Savchenko, Andrey"]
[Result "0-1"]
[WhiteElo "1501"]
[BlackElo "1927"]
[PlyCount "60"]
[EventDate "2011.02.02"]
[EventType "tourn"]
[EventRounds "13"]
[EventCountry "RUS"]
[SourceTitle "EXT 2022"]
[Source "ChessBase"]
[SourceDate "2021.10.06"]
[SourceVersion "1"]
[SourceVersionDate "2021.10.06"]
[SourceQuality "1"]

1. e4 e6 2. d4 d5 3. Nc3 Nf6 4. e5 Nfd7 5. Nf3 c5 6. g3 Nc6 7. Bg2 cxd4 8. Nxd4 Ncxe5 9. f4 Nc4 10. b3 Qa5 11. Bd2 Ne3 12. Ncb5 Nxg2+ 13. Kf2 Qb6 14. Kxg2 a6 15. Nxe6 fxe6 16. Nc3 g6 17. Re1 Qc6 18. Re2 Nf6 19. Qe1 d4+ 20. Ne4 Bg7 21. Kf1 0-0 22. Nxf6+ Bxf6 23. Kf2 e5 24. fxe5 Bxe5+ 25. Kg1 Bd6 26. Bh6 Rd8 27. Qa5 Bh3 28. Qg5 Bf8 29. Rd1 Qf3 30. Rdd2 Qf1# 0-1

[Event "Krasnodar Winter B"]
[Site "Krasnodar"]
[Date "2011.02.03"]
[Round "2"]
[White "Goncharov, Daniil"]
[Black "Sapronov, Anatoliy"]
[Result "0-1"]
[WhiteElo "1501"]
[BlackElo "1780"]
[PlyCount "54"]
[EventDate "2011.02.02"]
[EventType "tourn"]
[EventRounds "13"]
[EventCountry "RUS"]
[SourceTitle "EXT 2022"]
[Source "ChessBase"]
[SourceDate "2021.10.06"]
[SourceVersion "1"]
[SourceVersionDate "2021.10.06"]
[SourceQuality "1"]

1. e4 c5 2. Nf3 d6 3. d4 cxd4 4. Nxd4 Nf6 5. Nc3 a6 6. Bg5 e6 7. g3 Nbd7 8. Bg2 Qa5 9. Bd2 Qc7 10. Qe2 Rb8 11. 0-0 b5 12. a3 Be7 13. f4 0-0 14. Rae1 b4 15. axb4 Rxb4 16. e5 Rxd4 17. exf6 Nxf6 18. Qe3 d5 19. Kh1 Rc4 20. Qe5 Bd6 21. Qg5 Bb7 22. Na2 d4 23. Re2 Rxc2 24. Ba5 Bxg2+ 25. Rxg2 Qb7 26. Rfg1 Ne4 27. Rxc2 Nf2# 0-1